| 000 | 00548nam a2200193Ia 4500 | ||
|---|---|---|---|
| 003 | GCL | ||
| 008 | 140319s9999 xx 000 0 ara d | ||
| 020 | _a7020811977 | ||
| 040 |
_aGCL / _cGCL |
||
| 082 | 0 | 4 |
_a813.03 _bا ط |
| 100 | 1 | _aاحسان عبدالقدوس | |
| 245 | 1 | 0 |
_aالطريق المسدود / _cاحسان عبدالقدوس |
| 260 |
_aالقاهرة : _bمكتبة مصر ، _c1986 |
||
| 300 |
_a334 ص ؛ _c18 سم |
||
| 490 | _a | ||
| 650 | 0 | 4 | _aالادب العربى |
| 650 | 0 | 4 | _aالمجموعات |
| 942 |
_2ddc _cBK |
||
| 999 |
_c58087 _d58087 |
||